000 00598nam a2200193Ia 4500
005 20250508162708.0
008 008 250505s9999 xx 000 0 eng d
020 _a81-200-0298-9
037 _aTextual
040 _aFEDL
_beng
_cFEDL
041 _aeng
_2eng
084 _a379.11, GAR
_qFEDL
100 _aGarg V P
_9773844
245 0 _aEconomics of education: Theoretical analysis of investment and development perspective
260 _aNew Delhi, India
_bMetopolitan Book Co. Pvt. Ltd.
_c1989
300 _a153p
942 _cTEXL
_h379.11, GAR
999 _c1378107
_d1378107